| 000 | 00353nam a22001457a 4500 | ||
|---|---|---|---|
| 020 | _a9788131708699 | ||
| 040 | _cNUST | ||
| 082 |
_a621.3815324 _bHAY |
||
| 100 | _aHaykin ,Simon | ||
| 245 | _aAdaptive Filter Theory | ||
| 250 | _aFourth Edition | ||
| 260 |
_aIndia: _bPearson, _c2015. |
||
| 650 |
_aAdaptive Filter Theory _963570 |
||
| 942 |
_2ddc _cBK |
||
| 999 |
_c609879 _d609879 |
||